| 000 | 00641nam a22002057a 4500 | ||
|---|---|---|---|
| 005 | 20210325174204.0 | ||
| 008 | s2525 th tha d | ||
| 041 | _atha | ||
| 050 | _aHM141 ภ64 | ||
| 100 | 0 | _aภิรมย์ พุทธรัตน์ | |
| 245 | 1 | 0 | _aวิธีสร้างความสำเร็จของนักบริหาร |
| 260 | 3 |
_aม.ป.ท. : _bอ. อิทธิพล, _c2525 |
|
| 300 | _a224 หน้า | ||
| 650 | 0 | 4 | _aประมุขศิลป์ |
| 650 | 0 | 4 | _aผู้นำ |
| 850 | _aNALT | ||
| 942 | _cGB | ||
| 997 | _c000000000003377 | ||
| 998 | _aNarumon Suwan | ||
| 999 |
_c3377 _d3377 |
||